000 00513nam a22001577a 4500
003 macl
005 20190807114228.0
008 190807b xxu||||| |||| 00| 0 eng d
040 _cmacl
082 _a800/PAN
100 _aपाण्‍डेय ,डाॅ लक्ष्‍मी
_976132
245 _aसाहित्‍य विमर्श
260 _aगाजियाबाद
_bश्रुति बु‍क्‍स
_c2018
650 _aसाहित्‍य
_976133
942 _2ddc
_cHIN
999 _c60665
_d60665